Estudio de riego por bombeo y gravedad en Guadalupe, Alfaro Ruiz

Kaydedildi:
Detaylı Bibliyografya
Yazar: Solano Vindas, Ana Maria
Materyal Türü: Kitap
Baskı/Yayın Bilgisi: [San José , Costa Rica] 1986
Konular:
Etiketler: Etiketle
Etiket eklenmemiş, İlk siz ekleyin!

MARC

LEADER 00000nam a2200000Ia 4500
003 002921
005 20221231144402.0
008 140114s1986 cr a m 000 ||s d
040 |c cru CEDI 
090 |a TFG 1702 
100 |a Solano Vindas, Ana Maria  |9 14526 
245 |a Estudio de riego por bombeo y gravedad en Guadalupe, Alfaro Ruiz 
260 |c 1986  |a [San José , Costa Rica] 
300 |a  [118] hojas : ilustraciones (algunas plegables) ; 28 cm  
500 |a  Proyecto de graduación (ingeniería civil)--Universidad de Costa Rica. Facultad de Ingeniería. Escuela de Ingeniería Civil 
650 |x RIEGO - GUADALUPE (ALFARO RUIZ, ALAJUELA, COSTA RICA)  |9 14527 
942 |c TFG 
999 |c 21099  |d 21099